| 000 | 01450pab a2200193 454500 | ||
|---|---|---|---|
| 008 | 180718b2017 xxu||||| |||| 00| 0 eng d | ||
| 100 | _aAshraf, Junaid | ||
| 245 | _aPublic sector appointments, political influence and performance: perceptions of the situation in Pakistan | ||
| 260 | _c2017 | ||
| 300 | _ap.211-216. | ||
| 362 | _aSep | ||
| 520 | _aAppointment processes are integral to the performance of an organisation and its staff, with competent people needing to be appointed and to have their performance valued and assessed appropriately. Concerning these matters, it is alleged that staff in the Pakistan public sector are often appointed on the basis of their personal political relations more than on their competence, with important implications for their performance and that of the organisations in which they are employed. Accordingly, this note explores the allegation drawing on responses to an administered questionnaire and some interviews. The findings, in the form of perceptions, are significant but equivocal concerning public sector appointments in Pakistan being subject to considerable political influence in ways that impact negatively on organisational performance. - Reproduced. | ||
| 650 | _aRecruitment - Pakistan | ||
| 650 | _aPerformance appraisal - Pakistan | ||
| 650 | _aPublic sector - Pakistan | ||
| 650 | _aPublic sector | ||
| 773 | _aAsia Pacific Journal of Public Administration | ||
| 909 | _a116233 | ||
| 999 |
_c116227 _d116227 |
||